Алкифрон, или Мелкий философ | Работы разных лет (Запись № 1758885)

Подробности
000 -МАРКЕР
контрольное поле 02317nam0a2200349 4500
001 - ИДЕНТИФИКАТОР ЗАПИСИ
контрольное поле RU\NLR\bibl\1211513
005 - ИДЕНТИФИКАТОР ВЕРСИИ
контрольное поле 20260405205411.0
010 ## - МЕЖДУНАРОДНЫЙ СТАНДАРТНЫЙ НОМЕР КНИГИ (ISBN)
Номер (ISBN) 5-89329-133-6
Тираж 2000
035 ## - ДРУГИЕ СИСТЕМНЫЕ НОМЕРА
Идентификатор записи (NLR Aleph) 001197938
100 ## - ДАННЫЕ ОБЩЕЙ ОБРАБОТКИ
Данные общей обработки 20080407d2000 |||y0rusy50 ca
101 1# - ЯЗЫК РЕСУРСА
Язык текста, звукозаписи и т.д. русский
Язык оригинала английский
102 ## - СТРАНА ПУБЛИКАЦИИ ИЛИ ПРОИЗВОДСТВА
Страна публикации Российская Федерация
105 ## - ПОЛЕ КОДИРОВАННЫХ ДАННЫХ: ТЕКСТОВЫЕ МАТЕРИАЛЫ, МОНОГРАФИЧЕСКИЕ
Кодированные данные о монографическом текстовом документе c |||||||||
200 1# - ЗАГЛАВИЕ И СВЕДЕНИЯ ОБ ОТВЕТСТВЕННОСТИ
Основное заглавие Алкифрон, или Мелкий философ
-- Работы разных лет
Первые сведения об ответственности Джордж Беркли
Последующие сведения об ответственности [пер. с англ. А.А. Васильева
-- МВД России, С.-Петерб. ун-т и др.]
210 ## - ПУБЛИКАЦИЯ, РАСПРОСТРАНЕНИЕ И ДР.
Место издания, распространения и т.д. Санкт-Петербург
Имя издателя, распространителя и т. д. Фонд поддержки науки и образования в области правоохранительной дестельности "Университет" [и др.]
Дата издания, распространения и т.д. 2000
215 ## - ФИЗИЧЕСКАЯ ХАРАКТЕРИСТИКА
Специфическое обозначение материала и объем 425, [2] с.
Другие сведения о физической характеристике портр.
Размеры 25
225 1# - СЕРИЯ
Основное заглавие серии Памятники религиозно-философской мысли нового времени
Наименование части Западная религиозная философия
Сведения об ответственности рук.: засл. деят. науки Рос. Федерации, д.ю.н., проф., акад. В.П. Сальников
300 ## - ОБЩИЕ ПРИМЕЧАНИЯ
Текст примечания В надзаг. также: Акад. права, экономики и безопасности жизнедеятельности, Фонд поддержки науки и образования в обл. правоохран. деятельности "Ун-т"
320 ## - ПРИМЕЧАНИЯ О НАЛИЧИИ В ДОКУМЕНТЕ БИБЛИОГРАФИИ / УКАЗАТЕЛЯ
Текст примечания Библиогр. в Прим.: с. 402-425 и в подстроч. прим.
327 1# - ПРИМЕЧАНИЯ О СОДЕРЖАНИИ
Текст примечания В кн. также: Алкифрон, или Сила слова / Ж. Брикман
464 #0 - АНАЛИТИЧЕСКИЙ УРОВЕНЬ
Встроенное поле 2001#$aАлкифрон, или Сила слова$fЖ. Брикман
-- 700#1$aБрикман$bЖ.$gЖеневьева$4070
Заглавие Алкифрон, или Сила слова
Автор Брикман, Женевьева
517 0# - ДРУГИЕ ВАРИАНТЫ ЗАГЛАВИЯ
Вариант заглавия Мелкий философ
606 1# - НАИМЕНОВАНИЕ ТЕМЫ КАК ПРЕДМЕТ
Наименование темы Субъективный идеализм
Географический подзаголовок Великобритания
Системный номер авторитетной/нормативной записи 2646723
Идентификатор авторитетной/нормативной записи RU\NLR\AUTH\6601746249
686 ## - ИНДЕКСЫ ДРУГИХ КЛАССИФИКАЦИЙ
Индекс Ю3(4Вл)5-514
700 #1 - ИМЯ ЛИЦА - ПЕРВИЧНАЯ ОТВЕТСТВЕННОСТЬ
Код отношения Автор
Графика поля Кириллица
Материалы, к которым относится поле rus
Начальный элемент ввода Беркли
Часть имени, кроме начального элемента ввода Д.
Даты 1685-1753
Расширение инициалов личного имени Джордж
Системный номер авторитетной/нормативной записи 75575
Идентификатор авторитетной/нормативной записи RU\NLR\auth\7792648
801 #0 - ИСТОЧНИК ЗАПИСИ
Страна Российская Федерация
Организация NLR
Дата составления 20080407
Правила каталогизации RCR
801 #1 - ИСТОЧНИК ЗАПИСИ
Страна Российская Федерация
Организация NLR
Дата составления 20080407
942 ## - ДОПОЛНИТЕЛЬНЫЕ ЭЛЕМЕНТЫ ЗАПИСИ (АБИС)
Тип экземпляра АБИС Книга
980 ## - КОЛЛЕКЦИЯ
Название коллекции Национальная библиография
Экземпляры
Тип экземпляра Дата поступления Источник поступления Стоимость Библиотека постоянного хранения Библиотека текущего хранения Место хранения Шифр хранения Штрих-код Статус экземпляра
Книга 07.04.2008 Покупка СТ 139.00 РНБ (Московский) РНБ (Московский) Русский книжный фонд: издания с 1957 года 2008-7/2054 1-1260880  
Книга 07.04.2008 Покупка СТ 139.00 РНБ (Московский) РНБ (Московский) Русский книжный фонд: издания с 1957 года 2008-7/2054 2646350